Дело об отпуске из остатков брестского коробочного сбора 300 рублей в пособие на содержание местного одноклассного еврейского на...

Доступно только в Электронных читальных залах Найти на картеНа карте
RUSMARC
00003759nmc2a22002413x 450
0014e098c04-024b-40c2-a23c-c3929126ba19
00520210820042127.0
100##$a20210323l18811881k l0rusy0189 ca
1010#$arus
102##$aRU
105##$ay###
1222#$ad
2001#$aДело об отпуске из остатков брестского коробочного сбора 300 рублей в пособие на содержание местного одноклассного еврейского начального училища
$j5 января - 5 февраля 1881 г.
215##$a6 л.
$d36,5х26 см
251##$cДело
300##$aДело
371##$aДокумент не является опубликованным и широко распространяемым
461#0$1001a74412a3-3cc5-4d21-8f0a-dfe2fbd9e72d
$12001
$aДепартамент народного просвещения Министерства народного просвещения (1803-1917)
$1251
$cФонд
$1852
$j733
462#0$1001208a61b7-2020-4ed4-afdc-eeb27c3654e1
$12001
$aДела Департамента народного просвещения по части образования евреев (1863-1892 гг.)
$1251
$cОпись
$1852
$j189
801#0$aRU
$bРГИА
$c20210323
$gRCR
801#1$aRU
$bГлавНИВЦ
$c20210323
$2rusmarc
801#2$aRU
$bПБ им. Б.Н. Ельцина
$c20210820
$gRCR
$2rusmarc
850##$aРГИА
852##$aРГИА
$eФедеральное казенное учреждение "Российский государственный исторический архив" (РГИА)
$j625
937##$hРГИА
$d12361973
$aASBIBLIO_SCAN
035##$aRusGRCC00026056
856##$uhttp://readingroom.main.prlib.ru/item.aspx?id_node=n167517764&mode=full
Формат отображения